Inmigracin̤ y derechos sindicales

Detalles Bibliográficos
Autor principal: Baylos Grau, Antonio, 1953-
Formato: Libro
Lenguaje:español
Publicado: Albacete : Bomarzo, 2009
Colección:Bs̀icos de derecho social ; 40
Materias:
Acceso en línea:Acceso restringido

MARC

LEADER 00000nam a2200000 a 4500
005 20120116143736.0
007 cr|||| ||||
008 090224s2009 sp |||||| |001 ||spa|c
017 |a DL AB. 1-2009 
020 |a 9788496721685 
035 |a 5948 
040 |d vLex 
090 |c 2923  |d 2923 
100 1 |a Baylos Grau, Antonio,  |d 1953- 
245 1 0 |a Inmigracin̤ y derechos sindicales   |h [Recurso electrn̤ico] /  |c Antonio Baylos Grau 
256 |a Servicio en ln̕ea 
260 |a Albacete :  |b Bomarzo,  |c 2009 
300 |a 1 recurso electrn̤ico 
504 |a Referencias bibliogrf̀icas 
506 1 |a Contenido solo disponible en los productos indicados  |d vLex Global   |d vLex Global (Academic Edition, excluding Law Schools)   |d vLex Global (U.S. Academic Edition, Law Schools)   |d vLex Global (U.S. Academic Edition, excluding Law Schools)   |d vLex Global (Academic Edition, Law Schools)  
650 4 |a Trabajadores extranjeros  |z Espaą 
650 4 |a Inmigrantes  |z Derechos civiles  |z Espaą 
650 4 |a Emigracin̤ e inmigracin̤  |x Derecho  |z Espaą 
650 4 |a Sindicatos  |x Derecho  |z Espaą 
740 0 |a vLex Libros (Servicio en ln̕ea) 
830 0 |a Bs̀icos de derecho social ;  |v 40 
856 4 0 |u http://vlex.com/source/inmigracion-derechos-sindicales-5948  |z Acceso restringido 
942 |c BOOK 
999 0 |a  Alien labor 
999 0 |a Labor laws and legislation